[Event "BRA-ch U26"]
[White "Castilho, Angelo Gabriel Fern"]
[Black "Da Silva, Igor Fernandes"]
[Site "Joinville"]
[Round "4"]
[Result "1-0"]
[Date "2023.10.11"]
[WhiteElo "1824"]
[BlackElo "1836"]
[PlyCount "59"]
[EventDate "2023.10.09"]
[EventType "swiss"]
[EventRounds "6"]
[EventCountry "BRA"]
[SourceTitle "CBM 216 Extra"]
[Source "ChessBase"]
[SourceDate "2023.11.30"]
[SourceVersion "1"]
[SourceVersionDate "2023.11.30"]
[SourceQuality "1"]

1. d4 Nf6 2. c4 g6 3. Nc3 d5 4. Nf3 Bg7 5. Qb3 c6 6. cxd5 cxd5 7. Bg5 Nc6 8. Bxf6 Bxf6 9. Qxd5 Qb6 10. Qb5 Bxd4 11. Nxd4 Qxd4 12. e3 Qg4 13. h3 Qf5 14. Bd3 Qe5 15. Be4 Qc7 16. Bxc6+ bxc6 17. Qc5 Be6 18. 0-0 Rb8 19. b3 0-0 20. Rab1 Rfc8 21. Rbd1 Rb6 22. Rd4 Qb7 23. Rfd1 Qc7 24. Rh4 Rcb8 25. Rc1 f6 26. Re4 Kf7 27. Rxe6 Kxe6 28. Qc4+ Kd7 29. Rd1+ Kc8 30. Qe6+ 1-0

[Event "BRA-ch U26"]
[White "Almeida, Ygor de Souza"]
[Black "Castilho, Angelo Gabriel Fern"]
[Site "Joinville"]
[Round "2"]
[Result "0-1"]
[Date "2023.10.10"]
[WhiteElo "1765"]
[BlackElo "1824"]
[PlyCount "97"]
[EventDate "2023.10.09"]
[EventType "swiss"]
[EventRounds "6"]
[EventCountry "BRA"]
[SourceTitle "CBM 216 Extra"]
[Source "ChessBase"]
[SourceDate "2023.11.30"]
[SourceVersion "1"]
[SourceVersionDate "2023.11.30"]
[SourceQuality "1"]

1. e4 e6 2. d4 d5 3. Nd2 c5 4. dxc5 Bxc5 5. Bd3 Nf6 6. e5 Nfd7 7. Ngf3 Nc6 8. Qe2 Qc7 9. Nb3 Be7 10. Bf4 0-0 11. c3 b6 12. Nbd4 Nc5 13. Bb5 Bd7 14. 0-0 a6 15. Bxc6 Bxc6 16. Nxc6 Qxc6 17. Nd4 Qb7 18. Qg4 Rfe8 19. Bh6 Bf8 20. f4 g6 21. Bg5 Ne4 22. Rf3 h5 23. Qh4 Be7 24. g4 Bxg5 25. fxg5 hxg4 26. Qxg4 Kg7 27. Raf1 Re7 28. Rh3 Rg8 29. Rh7+ Kf8 30. Nxe6+ Ke8 31. Nd4 Qd7 32. e6 fxe6 33. Rxe7+ Kxe7 34. Qf4 Ke8 35. Nc6 Nd6 36. Ne5 Qe7 37. h4 Nf5 38. Qa4+ Kf8 39. Qxa6 Qc5+ 40. Kg2 Qe3 41. Qc8+ Kg7 42. Qc7+ Kh8 43. Nf3 Qe4 44. Qe5+ Qxe5 45. Nxe5 Ne3+ 46. Kg1 Nxf1 47. Kxf1 Kg7 48. Nd3 Rh8 49. Nf4 0-1

[Event "BRA-ch U14"]
[White "Kojima, Rodrigo Yosuke"]
[Black "Castilho, Angelo Gabriel Fern"]
[Site "Florianopolis"]
[Round "5"]
[Result "1/2-1/2"]
[Date "2018.04.30"]
[WhiteElo "1514"]
[BlackElo "1829"]
[PlyCount "107"]
[EventDate "2018.04.28"]
[EventType "swiss"]
[EventRounds "6"]
[EventCountry "BRA"]
[SourceTitle "EXT 2021"]
[Source "ChessBase"]
[SourceDate "2020.10.23"]
[SourceVersion "1"]
[SourceVersionDate "2020.10.23"]
[SourceQuality "1"]

1. d4 d5 2. Nf3 Nf6 3. Bf4 Nc6 4. e3 e6 5. Bd3 Be7 6. Nbd2 0-0 7. 0-0 Re8 8. c3 Bd6 9. Ne5 Bd7 10. Qf3 h6 11. h3 a6 12. Kh2 Qe7 13. Rg1 Bxe5 14. dxe5 Nh7 15. Qg3 Kh8 16. Qg4 Rac8 17. Nf3 f6 18. Bxh7 Kxh7 19. Nd4 Nxe5 20. Bxe5 fxe5 21. Nf3 Qf6 22. Qg3 e4 23. Ne5 Bc6 24. f3 exf3 25. gxf3 Re7 26. f4 Be8 27. Ng4 Qg6 28. Qh4 Qf7 29. Rae1 c5 30. Rg2 d4 31. Ne5 Qf6 32. Qxf6 gxf6 33. Ng4 Rf7 34. cxd4 cxd4 35. exd4 Bc6 36. Rge2 Bd5 37. b3 Rc3 38. Ne3 Rd3 39. Rd1 Rxd1 40. Nxd1 Bf3 41. Rd2 Bxd1 42. Rxd1 Rd7 43. Kg3 Kg6 44. Kg4 Rd5 45. h4 h5+ 46. Kf3 Kf5 47. Ke3 Kg4 48. Rh1 f5 49. Rg1+ Kh3 50. Kf3 Kh2 51. Rd1 Rd6 52. Rd2+ Kh3 53. Rd1 Kh2 54. Rd2+ 1/2-1/2